000 00539nam a22001457a 4500
999 _c1132
_d1132
008 200110b ||||| |||| 00| 0 eng d
082 0 0 _a671
_bP866
100 _9709
_aPotter, Morgan H.
245 1 0 _aElectrical welding : A Practical text covering the fundamentals principles and applications of the various types of electric arc welding, including the use of power tube rectifier
_cby Morgan H Potter
260 _aLondon
_bAmerican Technical Society
_c1950
300 _a77p.
365 _d7.09
650 0 _aElectric Welding
942 _cBK